Jusqu'à quand a duré... - Statistiques

Statistiques générales
  • Ce quiz a été pris 7 fois
  • Le résultat moyen est 13 sur 30
Statistiques - réponses
Jusqu'à quand a duré... Année de fin % Correct
...la Première Guerre Mondiale ? 1918
83%
...la Seconde Guerre Mondiale ? 1945
83%
...le mandat de président de Barack Obama ? 2017
83%
...le Moyen-Age ? 1492
67%
...la Révolution française ? 1799
67%
...la peine de mort en France ? 1981
67%
...la Guerre Froide ? 1989
67%
...la séparation de l'Allemagne en 2 par le mur de Berlin ? 1989
67%
...l'URSS ? 1991
67%
...le règne d'Elizabeth II ? 2022
67%
...le règne de Napoléon Ier ? 1815
50%
...le programme Apollo de la NASA ? 1972
50%
...la Guerre du Golfe ? 1991
50%
...l'utilisation du franc en France ? 2002
50%
...la présidence d'Apple par Steve Jobs ? 2011
50%
...le Printemps arabe ? 2012
50%
...le règne de Louis XIV ? 1715
33%
...la Prohibition ? 1933
33%
...la guerre du Vietnam ? 1975
33%
...la période des Trente Glorieuses ? 1975
33%
...le règne des pharaons en Egypte ? -30
33%
...l'épidémie de Peste Noire en Europe ? 1353
17%
...la Guerre de Cent Ans ? 1453
17%
...la guerre d'indépendance des Etats-Unis ? 1783
17%
...la guerre de Sécession ? 1865
17%
...la République romaine ? -27
17%
...l'Antiquité ? 476
17%
...la colonisation espagnole de l'Amérique du Sud ? 1510
0%
...le règne d'Alexandre le Grand ? -323
0%
...le Néolithique ? -3300
0%
Aucun quiz correspondant
Distribution des résultats
% des personnes avec chaque résultat
Percentile par nombre de réponses
Votre historique - résultats
Vous n’avez pas pris ce quiz